00640 a2200193 45000010006000000050017000060080041000230030015000640400040000790800036001192450030001550200018001852640039002033000018002425050064002600410008003241000015003328560099003474597420260407155733.0260407a1994 arg spa dAR-UNSa-BCEJYS aAR-UNSa-BCEJYSbspacAR-UNSa-BCEJYS a314(084.4)xAtlas demográfico10aThe world bank atlas 1995 a0-8223-2922-7 1aWashington :bThe World Bankc1994 a36 p.c23 cm. a1. Población – 2. Economía – 3. Medio Ambiente –  aspa1 aWorld Bank41uhttps://www.biblioeco.unsa.edu.ar/pmb/images/libros/L127265.jpgyImagen de portadaqimage/jpeg